000 00709nam a2200289Ia 4500
005 20260324144851.0
008 008 260324s9999 xx 000 0 eng d
020 _a9780429038631
037 _aEBOOK
040 _aCRL
040 _beng
040 _cCRL
041 _2eng
041 _aeng
084 _qCRL
100 _aGeorge Priestley
_91220903
245 0 _aMilitary Government And Popular Participation In Panama
245 4 _bThe Torrijos Regime, 1968-1975
260 _bTaylor and Francis
260 _c1986
365 _a
365 _b56.99
856 _uhttp://www.taylorfrancis.com/books/9780429038631
942 _cEBOOK
999 _c1828061
_d1828061